[Event "POR-ch"]
[Site "Lisbon"]
[Date "1996.??.??"]
[Round "1"]
[White "Charneira, Hermenegildo"]
[Black "Pereira, Joao"]
[Result "1-0"]
[WhiteElo "2205"]
[BlackElo "2155"]

1.e4 d6 2.d4 Nf6 3.Nc3 c6 4.a4 Nbd7 5.Nf3 e5 6.Bc4 exd4 7.Qxd4 Qb6 8.Qd1 Ne5
9.a5 Qc7 10.Nxe5 dxe5 11.O-O Be7 12.h3 O-O 13.Be3 Bb4 14.Qf3 Bxa5 15.Bg5 Ne8
16.Rfd1 b6 17.Bd8 Qb7 18.Nd5 cxd5 19.Bxd5 Qb8 20.Bxa8 Qxa8 21.Be7 Qb7 22.Bxf8 Kxf8
23.Qa3+ Kg8 24.Rd8  1-0

[Event "Litomysl op"]
[Site "Litomysl"]
[Date "1996.??.??"]
[Round "3"]
[White "Blazkova, Petra"]
[Black "Oral, Tomas"]
[Result "0-1"]
[WhiteElo "2215"]
[BlackElo "2470"]

1.e4 d6 2.d4 Nf6 3.Nc3 e5 4.Nf3 Nbd7 5.Bc4 Be7 6.O-O O-O 7.Bb3 c6 8.Re1 a6
9.a4 b6 10.Bg5 h6 11.Bh4 Qc7 12.Bg3 g6 13.h3 Bb7 14.Qd2 Kg7 15.Rad1 Rad8
16.dxe5 dxe5 17.Nb1 Nh5 18.Bh2 Bf6 19.Qc3 Rfe8 20.Na3 Re7 21.Nc4 Nf4 22.Ncxe5 g5
23.Nd4 Rxe5 24.Qf3 c5 25.Nf5+ Rxf5 26.Qg4 Ne5  0-1

[Event "Litomysl op"]
[Site "Litomysl"]
[Date "1996.??.??"]
[Round "4"]
[White "Chrz, Pavel"]
[Black "Priehoda, Vitezslav"]
[Result "1-0"]
[WhiteElo "2275"]
[BlackElo "2400"]

1.e4 d6 2.d4 Nf6 3.Nc3 c6 4.Bg5 Nbd7 5.Nf3 e5 6.dxe5 dxe5 7.Bc4 Be7 8.Bb3 O-O
9.Qe2 Qc7 10.a4 Nc5 11.Bc4 Ne6 12.Bxe6 Bxe6 13.a5 h6 14.Be3 Bb4 15.Bd2 Bxa5
16.O-O Bb6 17.Na4 Nd7 18.Bc3 f6 19.Nxb6 axb6 20.Nh4 Nc5 21.b3 Rxa1 22.Rxa1 Rd8
23.h3 Bf7 24.Qg4 Be6 25.Qe2 Kh7 26.Ra7 Qd7 27.Ra1 g5 28.Nf3 Bf7 29.Qe3 Bg6
30.Nd2 Qc7 31.h4 gxh4 32.Qh3 Qg7 33.Qxh4 Ne6 34.Nf3 Rd7 35.Kf1 Nf4 36.Bxe5 fxe5
37.Ng5+ Kg8 38.Ra8+ Qf8 39.Rxf8+ Kxf8 40.Qxh6+ Kg8 41.Kg1  1-0

[Event "Ljubljana op"]
[Site "Ljubljana"]
[Date "1996.??.??"]
[Round "1"]
[White "Mikac, Matjaz"]
[Black "Jakupovic, Neven"]
[Result "1-0"]
[WhiteElo "2440"]
[BlackElo "2150"]

1.d4 d6 2.e4 Nf6 3.Nc3 c6 4.a4 Qa5 5.Bd2 e5 6.Nf3 Bg4 7.d5 Qc7 8.Be2 Be7
9.Be3 O-O 10.Nd2 Bxe2 11.Qxe2 Nbd7 12.O-O Kh8 13.a5 g6 14.h3 Nh5 15.a6 f5
16.exf5 Rxf5 17.Qc4 Nf4 18.axb7 Rg8 19.dxc6 Nf6 20.Nb5 Qb8 21.Rxa7 Qf8 22.Ra8 Ne8
23.Bxf4  1-0

[Event "Ljubljana op"]
[Site "Ljubljana"]
[Date "1996.??.??"]
[Round "2"]
[White "Sveshnikov, Evgeny"]
[Black "Mikac, Tomaz"]
[Result "1-0"]
[WhiteElo "2565"]
[BlackElo "2215"]

1.e4 d6 2.d4 Nf6 3.Nc3 e5 4.Nf3 Nbd7 5.Bc4 Be7 6.O-O O-O 7.a4 c6 8.Re1 Qc7
9.Ba2 Re8 10.Qd3 Bd8 11.h3 h6 12.Be3 Nf8 13.d5 c5 14.Nd2 a6 15.Nc4 Ng6 16.a5 Qe7
17.Na4 Nh5 18.Nab6 Bxb6 19.Nxb6 Ngf4 20.Qf1 Rb8 21.Kh2 g5 22.f3 Qf6 23.c4 Kh7
24.Bb3 Rg8 25.Bd1 g4 26.fxg4 Bxg4 27.Bxf4 Bxd1 28.Bd2 Bc2 29.Ra3 Bxe4 30.g4 Qxf1
31.Rxf1 f5 32.Re3 Nf6 33.b4 f4 34.Ree1 h5 35.bxc5 hxg4 36.Bxf4 exf4 37.Rxf4 Rbf8
38.cxd6 g3+ 39.Kg1  1-0

[Event "Ljubljana op"]
[Site "Ljubljana"]
[Date "1996.??.??"]
[Round "4"]
[White "Navinsek, Thomaz"]
[Black "Jakupovic, Neven"]
[Result "1-0"]
[WhiteElo "2280"]
[BlackElo "2150"]

1.d4 Nf6 2.Nc3 d6 3.e4 c6 4.f4 Qa5 5.Bd3 e5 6.dxe5 dxe5 7.f5 b5 8.Qe2 Nbd7
9.Nf3 Bc5 10.Bd2 Qb6 11.a4 b4 12.a5 Qc7 13.Nd1 O-O 14.Ne3 Bxe3 15.Bxe3 a6
16.Nd2 c5 17.Bg5 Bb7 18.O-O Qc6 19.Rae1 Rfc8 20.Nc4 Ne8 21.Rf3 f6 22.Bc1 Kf7
23.Rh3 h6 24.Qh5+ Ke7 25.Rg3 Kd8 26.Ne3 Qd6 27.Bc4 Bxe4 28.Rd1 Qe7 29.Be6 Ra7
30.Qg4 Bc6 31.Nc4 Kc7 32.Rgd3 Kb8 33.Nb6 Rcc7 34.Nd5 Bxd5 35.Rxd5 g5 36.fxg6 f5
37.Qxf5 Ng7 38.Qf7 Qxe6 39.Qxg7 Nb6 40.Qxe5 Qxe5 41.Rxe5 Nc4 42.Re8+ Kb7
43.Bxh6  1-0

[Event "Loures2"]
[Site "Loures"]
[Date "1996.??.??"]
[Round "8"]
[White "Santos, Carlos P"]
[Black "Caselas, Jacobo"]
[Result "1-0"]
[WhiteElo "2340"]
[BlackElo "2350"]

1.d4 d6 2.e4 Nf6 3.Nc3 e5 4.dxe5 dxe5 5.Qxd8+ Kxd8 6.Bc4 Be6 7.Bxe6 fxe6
8.Be3 Bd6 9.O-O-O Ke7 10.f3 Nc6 11.Nh3 a6 12.Nf2 h6 13.Nb1 Rhf8 14.Nd2 Nh5
15.Nd3 Nf4 16.Bxf4 exf4 17.Rhe1 e5 18.Nc4 Ke6 19.Nxd6 cxd6 20.Rd2 Rac8 21.Red1 Rfd8
22.c3 Na5 23.Nxe5 g5 24.Rd5 b6 25.R1d4 b5 26.Ng4 Nc6 27.Rd2 Ne7 28.R5d3 h5
29.Nf2 b4 30.Nh3 Rc5 31.Kc2 a5 32.g3 fxg3 33.hxg3 bxc3 34.Rxc3 Rdc8 35.f4 Rxc3+
36.bxc3 gxf4 37.gxf4 Ng8 38.Rd5 a4 39.Rxh5 Nf6 40.Ng5+ Ke7 41.Rh2 Rc5 42.Kd3 Rb5
43.Kc4 Rb1 44.e5 dxe5 45.fxe5 Ng4 46.Rh7+ Ke8 47.e6 Re1 48.Kd4 Rd1+ 49.Kc5 Re1
50.Rh4 Rg1 51.Nf3 Rg3 52.Nd4 Ne3 53.Kd6 Nc4+ 54.Kd5 Ne3+ 55.Ke4  1-0

[Event "DEN-chJ"]
[Site "Lyngby"]
[Date "1996.??.??"]
[Round "1"]
[White "Berg, Emanuel"]
[Black "Rowson, Jonathan"]
[Result "0-1"]
[WhiteElo "2215"]
[BlackElo "2425"]

1.e4 d6 2.d4 Nf6 3.Nc3 e5 4.dxe5 dxe5 5.Qxd8+ Kxd8 6.Nf3 Bd6 7.Bc4 Be6 8.Bxe6 fxe6
9.Bg5 Ke7 10.O-O-O Nc6 11.Rd3 h6 12.Be3 Rhb8 13.Ne1 b5 14.f3 a5 15.g4 a4
16.h4 Nd7 17.Ne2 Nb4 18.Ra3 c5 19.f4 c4 20.Bd2 c3 21.Bxc3 Nc6 22.b4 Nxb4
23.Bxb4 Bxb4 24.Rf3 Bd6 25.Nd3 b4 26.Rhf1 b3 27.cxb3 axb3 28.axb3 Ra2 29.fxe5 Ba3+
30.Kd1 Rxb3 31.Rf7+ Ke8 32.Ndc1 Rb1 33.Rxg7 Nxe5 34.Rf6 Nc4 35.Rxh6 Rxc1+
36.Nxc1 Ne3+ 37.Ke1 Bb4+  0-1

[Event "Maribor"]
[Site "Maribor"]
[Date "1996.??.??"]
[Round "?"]
[White "Podlesnik, Bogdan"]
[Black "Beliavsky, Alexander G"]
[Result "1/2-1/2"]
[WhiteElo "2410"]
[BlackElo "2615"]

1.e4 d6 2.d4 Nf6 3.Nc3 e5 4.Nf3 Nbd7 5.Bc4 Be7 6.O-O O-O 7.a4 c6 8.Ba2 Qc7
9.Qe2 a5 10.h3 Nb8 11.Rd1 Na6 12.dxe5 dxe5 13.Be3 Nc5 14.Nd2 Be6 15.Qf3 Bxa2
16.Rxa2 Ne6 17.Nb3 Nd7 18.Raa1 Bg5 19.g3 Nb6 20.Bxg5 Nxg5 21.Qe3 h6 22.Kg2 Nd7
23.h4 Ne6 24.Rd2 Nb6 25.Qe2 Qe7 26.Ra3 Rfd8 27.Rxd8+ Rxd8 28.Nd1 Qb4 29.c3 Qc4
30.Qxc4 Nxc4 31.Ra1 g5 32.Ne3 Nxe3+ 33.fxe3 b6 34.Kf2 Kg7 35.Ke2 Kg6 36.Rf1 Nc5
37.Nxc5 bxc5 38.hxg5 hxg5 39.Rd1 Rb8 40.Rd2 Kh5 41.Kf3 g4+ 42.Kf2 Kg5 43.Kg2 c4
44.Rf2 f6 45.Rd2 f5 46.Rf2 fxe4 47.Rd2 Kf5 48.Rf2+ Ke6 49.Rd2 Rf8 50.Rd1 Rf3
51.Re1 Kd6 52.Re2  1/2-1/2

[Event "SVK-ch"]
[Site "Martin"]
[Date "1996.??.??"]
[Round "4"]
[White "Pinter, Patrik"]
[Black "Priehoda, Vitezslav"]
[Result "0-1"]
[WhiteElo "2115"]
[BlackElo "2380"]

1.e4 d6 2.d4 Nf6 3.Nc3 c6 4.Nf3 Bg4 5.Be2 e6 6.O-O Be7 7.h3 Bh5 8.Bf4 O-O
9.Re1 d5 10.exd5 cxd5 11.Qd2 Nc6 12.Rad1 Rc8 13.Bg5 h6 14.Bf4 Bb4 15.g4 Bg6
16.g5 Ne4 17.Qe3 Ne7 18.gxh6 Nf5 19.Qc1 gxh6 20.Bxh6 Bxc3 21.bxc3 Nxh6 22.Qxh6 Qf6
23.Rd3 Qg7 24.Qxg7+ Kxg7 25.Ne5 Bh7 26.Re3 Rxc3 27.Bf3 Rfc8 28.Rb1 b6 29.Rb2 Rxc2
30.Re2 Rxe2 31.Bxe2 Nd6 32.Kg2 f6 33.Nd3 Kf7 34.Nf4 Be4+ 35.f3 Rc2 36.Rb3 Bf5
37.Ra3 Nb5 38.Ra4 a5 39.Kg3 Nc3  0-1

[Event "SVK-ch"]
[Site "Martin"]
[Date "1996.??.??"]
[Round "6"]
[White "Manik, Mikulas"]
[Black "Ianov, Viktor"]
[Result "1/2-1/2"]
[WhiteElo "2345"]
[BlackElo "2415"]

1.e4 d6 2.d4 Nf6 3.Nc3 e5 4.Nf3 Nbd7 5.Bc4 Be7 6.O-O O-O 7.a4 a5 8.Qe2 c6
9.Rd1 Qc7 10.Bg5 Re8 11.dxe5 dxe5 12.Nh4 Nf8 13.Nf5 Be6 14.Rd2  1/2-1/2

[Event "Wch U20 Girls"]
[Site "Medellin"]
[Date "1996.??.??"]
[Round "3"]
[White "Zhu Chen"]
[Black "Ratcu, Tatiana"]
[Result "1-0"]
[WhiteElo "2420"]
[BlackElo "2190"]

1.d4 d6 2.e4 Nf6 3.Nc3 c6 4.g3 Nbd7 5.a4 e5 6.Nge2 Be7 7.Bg2 O-O 8.O-O Re8
9.h3 Bf8 10.g4 exd4 11.Nxd4 Nc5 12.Re1 a5 13.Bf4 Qb6 14.g5 Nfd7 15.b3 g6
16.Qd2 Bg7 17.Nde2 Ne5 18.Qxd6 Bxh3 19.Bxh3 Nf3+ 20.Kg2 Nxe1+ 21.Rxe1 Nxe4
22.Nxe4 Rxe4 23.Be3 Qd8 24.Rd1 Qe7 25.Ng3 Qxd6 26.Rxd6 Re7 27.Bb6 Bc3 28.Rd3 Be5
29.Re3 f5 30.gxf6 Bxf6 31.Ne4 Kg7 32.f3 h5 33.Rd3 Be5 34.Bd8 Re8 35.Rd7+ Kf8
36.Bb6 Rab8 37.Ng5 Bc3 38.Bc5+ Kg8 39.Be6+  1-0

[Event "Wch U20 Girls"]
[Site "Medellin"]
[Date "1996.??.??"]
[Round "3"]
[White "Peptan, Corina"]
[Black "Ptacnikova, Lenka"]
[Result "1-0"]
[WhiteElo "2395"]
[BlackElo "2210"]

1.e4 d6 2.d4 Nf6 3.Nc3 e5 4.Nf3 Nbd7 5.Bc4 Be7 6.O-O O-O 7.Qe2 c6 8.a4 Qc7
9.Ba2 b6 10.Bg5 Bb7 11.Rad1 a6 12.dxe5 dxe5 13.Nh4 Nc5 14.Nf5 Bc8 15.Nxe7+ Qxe7
16.f4 Ncd7 17.fxe5 Qxe5 18.Rf5 Qe7 19.e5 Qc5+ 20.Be3 Qa5 21.b4 Qxb4 22.exf6 Nxf6
23.Rxf6 Bg4 24.Rf4 Bxe2 25.Rxb4 Bxd1 26.Nxd1 Rad8 27.Nc3 Rfe8 28.Kf2 b5 29.Rf4 Re7
30.Bb3 h6 31.Re4  1-0

[Event "Wch U20"]
[Site "Medellin"]
[Date "1996.??.??"]
[Round "9"]
[White "Kulaots, Kaido"]
[Black "Fridman, Daniel"]
[Result "1/2-1/2"]
[WhiteElo "2405"]
[BlackElo "2500"]

1.e4 d6 2.d4 Nf6 3.Nc3 c6 4.f4 Qa5 5.e5 Ne4 6.Bd3 Nxc3 7.Qd2 g6 8.bxc3 d5
9.Nf3 e6 10.O-O b6 11.a4 Ba6 12.Qe2 Bxd3 13.cxd3 Qa6  1/2-1/2

[Event "Wch U16"]
[Site "Menorca"]
[Date "1996.??.??"]
[Round "3"]
[White "Solak, Dragan"]
[Black "Nistiriuc, Sergei"]
[Result "1/2-1/2"]
[WhiteElo "2435"]
[BlackElo "2195"]

1.e4 d6 2.d4 Nf6 3.Nc3 e5 4.dxe5 dxe5 5.Qxd8+ Kxd8 6.Bc4 Be6 7.Bxe6 fxe6
8.f3 Bc5 9.Nd1 Nc6 10.Be3 Bb6 11.c3 Ke7 12.Ke2 Rhd8 13.Nf2 Bxe3 14.Kxe3 Na5
15.b3 c5 16.Ne2 Nc6 17.Nd3 b6 18.Rhd1 Rd7 19.Nb2 Rad8 20.Rxd7+ Rxd7 21.Nc1 Ne8
22.Ncd3 Nd6 23.Rc1 Kf6 24.h4 g6 25.g3 Rd8 26.Nf2 h5 27.Rd1 Nb5 28.Rxd8 Nxd8
29.Kd2 Nd6 30.g4 Nc6 31.g5+ Ke7 32.Nfd3 Kf7 33.a4 Ke7 34.Kc2 Kd7 35.Ne1 Ke7
36.Ng2 Kd7 37.Ne3 Kc7 38.Nd3 Kd7 39.Kb2 Kc7 40.Ka3 Kd7 41.Kb2 Kc7 42.Kc2 Kd7
43.Nb2 Kc7 44.Nf1 a6 45.Nd2 b5 46.axb5 axb5 47.Nd3 Nb7 48.Nb1 c4 49.bxc4 bxc4
50.Nb2 Nca5  1/2-1/2

[Event "Fide Mercenarios 10th"]
[Site "MEX"]
[Date "1996.??.??"]
[Round "3"]
[White "Ruiz, Guillermo"]
[Black "Araiza Nieto, Victor Fernando"]
[Result "1-0"]
[WhiteElo "2250"]
[BlackElo "2000"]

1.e4 d6 2.d4 Nf6 3.Nc3 c6 4.f4 Qa5 5.Bd3 e5 6.dxe5 dxe5 7.f5 Bc5 8.Qe2 Qb6
9.Nh3 Bd4 10.Nd1 a5 11.c3 Bc5 12.Ndf2 h5 13.O-O Nbd7 14.Kh1 O-O 15.Bc4 Qc7
16.a4 b6 17.Nd3 Be7 18.Bg5 Bb7 19.Rf3 b5 20.Ba2 bxa4 21.Rg3 c5 22.Ndf2 Ba6
23.Qf3 c4 24.Bh6 Ne8 25.Qxh5 Ndf6 26.Qe2 Rd8 27.Ng4 Nh5 28.Re3 Bc5 29.Bg5 Rd6
30.Rf3 Bb6 31.Nxe5 f6 32.Nxc4 Bxc4 33.Bxc4+ Kh8 34.Bf4 g5 35.fxg6 Neg7 36.Bxd6 Qxd6
37.Rd3 Qe5 38.Rd4 Nf4 39.Nxf4  1-0

[Event "Minsk op"]
[Site "Minsk"]
[Date "1996.??.??"]
[Round "1"]
[White "Puchkov"]
[Black "Zayac, Elena"]
[Result "1-0"]
[WhiteElo "2560"]
[BlackElo "2560"]

1.e4 d6 2.d4 Nf6 3.Nc3 c6 4.f4 Bg4 5.Be2 Bxe2 6.Ngxe2 e6 7.O-O Nbd7 8.e5 Ng8
9.Ng3 g6 10.exd6 Bxd6 11.Nce4 Be7 12.c3 h5 13.Rf3 Nh6 14.Qe2 h4 15.Nh1 Nf5
16.Nhf2 c5 17.dxc5 b6 18.c6 Nc5 19.b4 Nxe4 20.Qxe4 Nd6 21.c7 Qc8 22.Qc6+ Kf8
23.Rd3 Ne8 24.Bb2 Nxc7 25.c4 Rh5 26.a3 Ne8 27.Qe4 a5 28.b5 Ra7 29.Be5 Qb7
30.Rc1 Qxe4 31.Nxe4 f6 32.Bd4 Rd7 33.Rcc3 Rb7 34.a4 Bb4 35.Rc1 Rf5 36.g3 hxg3
37.hxg3 e5 38.fxe5 fxe5 39.Bf2 Nf6 40.Nxf6 Rxf6 41.c5  1-0

[Event "Minsk op"]
[Site "Minsk"]
[Date "1996.??.??"]
[Round "2"]
[White "Moskalenko, Viktor"]
[Black "Kasparov, Sergey"]
[Result "1/2-1/2"]
[WhiteElo "2480"]
[BlackElo "2320"]

1.d4 d6 2.e4 Nf6 3.Nc3 e5 4.dxe5 dxe5 5.Qxd8+ Kxd8 6.Bg5 Be6 7.f4 exf4 8.Nf3 h6
9.Bxf4 Nbd7 10.Nd4 Bb4 11.Nxe6+ fxe6 12.Bd3 Bd6 13.Be3 Bc5 14.Bd2 Ke7 15.Na4 Bd6
16.Be3 a6 17.a3 b5 18.Nc3 c5 19.Be2 Rac8 20.O-O c4 21.Kh1 Be5 22.Bf3 Nc5
23.Rae1 Rhf8 24.g3 Nfd7 25.Kg1 Nb6 26.Re2 Nba4 27.Nxa4 Nxa4 28.b3 cxb3 29.cxb3 Nc5
30.Bxc5+ Rxc5 31.Rd2 Rc3 32.Bd1 Rxf1+ 33.Kxf1 h5 34.Ke2 h4 35.Rd3 Rxd3 36.Kxd3 hxg3
37.hxg3 Bxg3 38.a4 Kd6 39.axb5 axb5 40.Bg4  1/2-1/2

[Event "Minsk op"]
[Site "Minsk"]
[Date "1996.??.??"]
[Round "9"]
[White "Kolesnik, Eduard"]
[Black "Zayac, Elena"]
[Result "1-0"]
[WhiteElo "2560"]
[BlackElo "2560"]

1.e4 d6 2.d4 Nf6 3.Nc3 e5 4.dxe5 dxe5 5.Qxd8+ Kxd8 6.Bc4 Bb4 7.Bd2 Be6 8.Bxe6 fxe6
9.f3 Nbd7 10.Nh3 Ke7 11.Nf2 a6 12.Nd3 Bd6 13.Be3 c5 14.Ke2 b5 15.Rhd1 Rhc8
16.Rd2 Nb6 17.Rdd1 Rc6 18.a3 c4 19.Nb4 Bxb4 20.axb4 Nbd7 21.Nxb5 c3 22.Nxc3 Rb8
23.Ra4 Rc4 24.Rxa6 Rbxb4 25.Ra2 Kf7 26.Rd2 Nb8 27.Nd1 Nc6 28.b3 Nd4+ 29.Kf2 Rxc2
30.Raxc2 Nxc2 31.Rxc2 Rxb3 32.Ke2  1-0

[Event "Mondariz op"]
[Site "Mondariz"]
[Date "1996.??.??"]
[Round "?"]
[White "Gonzalez, J."]
[Black "Outerelo, Manuel"]
[Result "1/2-1/2"]
[WhiteElo "2105"]
[BlackElo "2245"]

1.e4 d6 2.d4 Nf6 3.Nc3 c6 4.Nf3 Bg4 5.Be3 e6 6.h3 Bh5 7.Bd3 d5 8.Bg5 Be7
9.e5 Nfd7 10.Bxe7 Qxe7 11.O-O a6 12.Ne2 Bxf3 13.gxf3 c5 14.c3 Nc6 15.Kh2 Qh4
16.Bb1 Rc8 17.Qd2 cxd4 18.cxd4 g6 19.Qe3 Nb6 20.b3 Qe7 21.a3 Rc7 22.Bd3 Na5
23.Rfb1 O-O 24.Qd2 Nc6 25.Rg1 Rfc8 26.Qh6 Qf8 27.Qg5 Qe7 28.Qg4 f5 29.Qg3 Kh8
30.h4  1/2-1/2

[Event "Moscow-D"]
[Site "Moscow"]
[Date "1996.??.??"]
[Round "?"]
[White "Gelman, Alexander"]
[Black "Genba, Vladimir"]
[Result "1-0"]
[WhiteElo "2390"]
[BlackElo "2380"]

1.e4 d6 2.d4 Nf6 3.Nc3 e5 4.Nf3 Nbd7 5.Bc4 Be7 6.O-O O-O 7.Qe2 c6 8.Rd1 Qe8
9.a4 Bd8 10.Bg5 Ba5 11.dxe5 dxe5 12.Nh4 Bd8 13.Nf5 Nc5 14.Nd6 Qe7 15.Be3 Ncd7
16.Rd2  1-0

[Event "Moscow GM1"]
[Site "Moscow"]
[Date "1996.??.??"]
[Round "?"]
[White "Guliev, Logman"]
[Black "Genba, Vladimir"]
[Result "1-0"]
[WhiteElo "2350"]
[BlackElo "2380"]

1.e4 d6 2.d4 Nf6 3.Nc3 e5 4.Nf3 Nbd7 5.Bc4 Be7 6.O-O O-O 7.Re1 c6 8.a4 a5
9.h3 exd4 10.Nxd4 Nc5 11.Bf4 Qb6 12.b3 Re8 13.Qf3 Bf8 14.Rad1 Ne6 15.Be3 Qb4
16.Nce2 Nc5 17.c3 Qb6 18.Ng3 Qd8 19.Nxc6 bxc6 20.Bxc5 Be6 21.e5 Nd5 22.exd6 Bxd6
23.Bd4 Bf8 24.Ne4 h6 25.Nc5 Bc8 26.Rxe8 Qxe8 27.Bxd5 cxd5 28.Qxd5 Rb8 29.Be5 Rb6
30.Qd8 Qxe5 31.Qxb6 Bxh3 32.gxh3 Bxc5 33.Qd8+ Kh7 34.Qd3+ g6 35.Qf3 Kg7 36.Rd5 Qc7
37.Kg2 Be7 38.c4 Qb7 39.Rxa5 Qc7 40.Rd5 Bf6 41.a5 h5 42.Rb5 Qa7 43.Rb6 Be7
44.b4 Qc7 45.Qc3+ Kh7 46.Qd4 Bf8 47.c5 Bg7 48.Qd6 Qc8 49.Qf4 Qe8 50.a6 Qa8+
51.c6 Qd8 52.Rb5 Qa8 53.Rb7 Qxa6 54.b5  1-0

[Event "Moscow GM1"]
[Site "Moscow"]
[Date "1996.??.??"]
[Round "?"]
[White "Drozdov, Igor"]
[Black "Genba, Vladimir"]
[Result "1-0"]
[WhiteElo "2455"]
[BlackElo "2380"]

1.e4 d6 2.d4 Nf6 3.Nc3 e5 4.Nf3 Nbd7 5.g3 c6 6.a4 Be7 7.Bg2 O-O 8.O-O Re8
9.Re1 Qc7 10.b3 b6 11.Bb2 a6 12.Nh4 g6 13.Nf3 Bb7 14.dxe5 dxe5 15.Qe2 b5
16.Nb1 Bc5 17.Nbd2 Nb6 18.Bc3 b4 19.a5 bxc3 20.axb6 Bxb6 21.Nc4 Bc5 22.Nh4 a5
23.Bf1 Bd4 24.Qf3 Kg7 25.Ng2 c5 26.Bd3 h5 27.Nge3 h4 28.gxh4 Rh8 29.Ng2 Bc6
30.Kh1 a4 31.bxa4 Rxa4 32.Rxa4 Bxa4 33.Rg1 Bd7 34.Nge3 Rxh4 35.Qxf6+ Kxf6
36.Nd5+ Kg7 37.Nxc7 Bxf2 38.Rg2 Bd4 39.Nd6 Bg4 40.Be2 Bh3 41.Nf5+ Bxf5 42.exf5 Kf6
43.fxg6 fxg6 44.Bg4 e4 45.h3 Rh7 46.Ne6 Ra7 47.Re2 Ra1+ 48.Kh2 e3 49.Kg2 g5
50.Kf3 Ke5 51.Nxg5 Rf1+ 52.Kg2 Rb1 53.Nf3+ Kf4 54.Ne1 Ra1 55.Nd3+ Ke4 56.h4 Ra6
57.Bf3+ Kf5 58.Kh3 c4 59.Nb4 Rb6 60.Nd5 Rd6 61.Re1 Ke5 62.Nxe3  1-0

[Event "Moscow IM6"]
[Site "Moscow"]
[Date "1996.??.??"]
[Round "?"]
[White "Litus, Vladimir"]
[Black "Annakov, Babakuli"]
[Result "1/2-1/2"]
[WhiteElo "2310"]
[BlackElo "2360"]

1.d4 d6 2.e4 Nf6 3.Nc3 e5 4.Nge2 Nc6 5.d5 Ne7 6.Bg5 Ng6 7.h4 Be7 8.g3 c6
9.Qd2 Qb6 10.Bxf6 gxf6 11.Bh3 Bxh3 12.Rxh3 h5 13.Nd1 Bf8 14.Nec3 Bh6 15.Qd3 Ne7
16.dxc6 bxc6 17.Qxd6 Rd8 18.Qxf6 Ng6 19.Rh1 Rd2 20.Kf1 Rxc2 21.Kg2 Rg8 22.Rf1 Qa6
23.Nd5 Qc4 24.N1e3 Qxe4+ 25.Kg1 cxd5 26.Nf5 Bf8 27.Rae1 Qb4 28.Rxe5+ Nxe5
29.Qxe5+ Kd7 30.Ne3  1/2-1/2

[Event "Moscow IM3"]
[Site "Moscow"]
[Date "1996.??.??"]
[Round "?"]
[White "Maljutin, Evgeni"]
[Black "Hasangatin, Ramil"]
[Result "1-0"]
[WhiteElo "2495"]
[BlackElo "2400"]

1.d4 d6 2.e4 Nf6 3.Nc3 e5 4.dxe5 dxe5 5.Qxd8+ Kxd8 6.Bc4 Be6 7.Bxe6 fxe6
8.f3 Bc5 9.Nh3 Nc6 10.Bd2 Ke7 11.Nf2 Bxf2+ 12.Kxf2 Rad8 13.Rhd1 Nd4 14.Rac1 Rhf8
15.Ke1 c5 16.Nb1 h6 17.Be3 b6 18.c3 Nc6 19.Rxd8 Rxd8 20.Nd2 Ne8 21.Ke2 Nd6
22.h4 Rc8 23.h5 Rd8 24.Bf2 Rd7 25.Nf1 Nc4 26.b3 Nb2 27.Bh4+ Ke8 28.g3 b5
29.Rb1 Nd3 30.Rd1 c4 31.bxc4 bxc4 32.Ne3 Nb2 33.Rxd7 Kxd7 34.Kd2 Na5 35.g4 Na4
36.g5 hxg5 37.Bxg5 Ke8 38.Bh4 Nb6 39.Ng4 Nd7 40.Kc2 a6 41.Kb2 Nc6 42.Ne3 Nb6
43.Ka3 Kf7 44.Bf2 Ke8 45.Nc2 Nd7 46.Ka4 Kf7 47.Be3 Kg8 48.Na3 Nf6 49.h6 gxh6
50.Bxh6 Kh7 51.Be3 Kg6 52.Nxc4 Kh5 53.Na5 Nb8 54.Nb3 Nc6 55.Nc5 Kh4 56.Nxa6 Kg3
57.Kb5 Kxf3 58.Kxc6 Nxe4 59.Nb4 Nxc3 60.Bd2 Nxa2 61.Nxa2 e4 62.Ba5 Ke2 63.Kc5 Kd3
64.Nb4+ Kc3 65.Nd5+  1-0

[Event "Moscow-D"]
[Site "Moscow"]
[Date "1996.??.??"]
[Round "?"]
[White "Kochetkov, German"]
[Black "Genba, Vladimir"]
[Result "0-1"]
[WhiteElo "2385"]
[BlackElo "2380"]

1.d4 d6 2.e4 Nf6 3.Nc3 e5 4.dxe5 dxe5 5.Qxd8+ Kxd8 6.Bc4 Bb4 7.Bg5 Bxc3+
8.bxc3 Be6 9.Bxe6 fxe6 10.Nf3 Nc6 11.Rb1 b6 12.O-O Ke8 13.Rfe1 h6 14.Bc1 Nd7
15.Be3 Na5 16.Nd2 Rd8 17.Red1 Nf6 18.f3 Rd6 19.c4 Rc6 20.c5 Ke7 21.Rb5 Nd7
22.Kf2 Rd8 23.Ke2 Nb7 24.cxb6 cxb6 25.Rc1 Rdc8 26.c4 Na5 27.Rb4 Rd6 28.Ra4 Rdc6
29.Kd3 R6c7 30.Rb4 Nc6 31.Rb5 Rd8 32.Kc3 Na5 33.Rb2 Nb8 34.c5 Na6 35.Rb5 Nb7
36.Nb3 Nd6 37.Rb4 Nxb4 38.Kxb4 a5+ 39.Ka4 b5+ 40.Kxa5 Nc4+ 41.Rxc4 bxc4  0-1

[Event "Moscow-C"]
[Site "Moscow"]
[Date "1996.??.??"]
[Round "?"]
[White "Ukolov, Aleksandr"]
[Black "Vorotnikov, Vladislav V"]
[Result "0-1"]
[WhiteElo "2375"]
[BlackElo "2505"]

1.d4 d6 2.e4 Nf6 3.Nc3 e5 4.dxe5 dxe5 5.Qxd8+ Kxd8 6.Bc4 Be6 7.Bxe6 fxe6
8.Be3 Nbd7 9.O-O-O Bd6 10.Nh3 Ke7 11.f3 a6 12.Nf2 h6 13.Nd3 b5 14.a4 Rab8
15.axb5 axb5 16.b4 Nb6 17.Bxb6 Rxb6 18.Kb2 Nd7 19.Ra1 c5 20.bxc5 Nxc5 21.Nxc5 Bxc5
22.Ra7+ Kf6 23.Kb3 Rc8 24.Rd1 Rbc6 25.Ra2 Be7 26.Ne2 R8c7 27.c3 Rb7 28.Ra5 b4
29.c4 Rbc7 30.Rc1 Rd7 31.c5 Rd2 32.Ng3 Rxg2 33.Kxb4 Rxh2 34.Kb5 Rc8 35.Ka6 Ra8+  0-1

[Event "Moscow Alekhine op"]
[Site "Moscow"]
[Date "1996.??.??"]
[Round "1"]
[White "Vorobiov, Evgeny E"]
[Black "Malaniuk, Vladimir P"]
[Result "1/2-1/2"]
[WhiteElo "2320"]
[BlackElo "2585"]

1.e4 d6 2.d4 Nf6 3.Nc3 c6 4.f4 Qa5 5.Bd3 e5 6.Nf3 Bg4 7.dxe5 dxe5 8.O-O Nbd7
9.Qe1 Bxf3 10.Rxf3 Bd6 11.f5 h5 12.Kh1 Bc5 13.Bd2 Qc7 14.Qh4 Be7 15.Qe1 Nc5
16.b4 Nxd3 17.cxd3 Qd8 18.b5 Ng4 19.bxc6 bxc6 20.Rc1 Qd4 21.Ne2 Qa4 22.h3 Rc8
23.Kg1 Nf6 24.d4 Nd7 25.Be3  1/2-1/2

[Event "Moscow-ch"]
[Site "Moscow"]
[Date "1996.??.??"]
[Round "1"]
[White "Driamin, Dmitrij"]
[Black "Yanvarjov, Igor"]
[Result "0-1"]
[WhiteElo "2225"]
[BlackElo "2420"]

1.e4 d6 2.d4 Nf6 3.Nc3 Nbd7 4.Nf3 e5 5.Bc4 exd4 6.Qxd4 Nb6 7.e5 Qe7 8.O-O dxe5
9.Nxe5 Nxc4 10.Nxc4 Be6 11.Bg5 Qc5 12.Bxf6 Qxd4 13.Bxd4 O-O-O 14.Bxg7 Bxg7
15.Ne3 f5 16.f4 Bd4 17.Rfe1 Rhe8 18.Rad1 Bxa2 19.Rxd4 Rxd4 20.Nxa2 Rde4  0-1

[Event "Moscow-ch"]
[Site "Moscow"]
[Date "1996.??.??"]
[Round "3"]
[White "Radzhabov, ShT"]
[Black "Annakov, Babakuli"]
[Result "0-1"]
[WhiteElo "2245"]
[BlackElo "2360"]

1.e4 d6 2.d4 Nf6 3.Nc3 c6 4.Bc4 b5 5.Bd3 e5 6.dxe5 dxe5 7.Nf3 Nbd7 8.Bg5 Be7
9.Qe2 O-O 10.O-O Qc7 11.a4 b4 12.Nd1 Nc5 13.Ne3 a5 14.Nc4 Ne6 15.Be3 Nd7
16.Rfd1 Bc5 17.Bxc5 Nexc5 18.Qe3 Ne6 19.Bf1 Rd8 20.Rd6 Ba6 21.Rad1 Bxc4 22.Bxc4 Nd4  0-1

[Event "Moscow-ch"]
[Site "Moscow"]
[Date "1996.??.??"]
[Round "3"]
[White "Loskutov, Oleg"]
[Black "Yanvarjov, Igor"]
[Result "0-1"]
[WhiteElo "2395"]
[BlackElo "2420"]

1.e4 d6 2.d4 Nf6 3.Nc3 Nbd7 4.f4 e5 5.Nf3 exd4 6.Qxd4 c6 7.Bc4 d5 8.exd5 Bc5
9.Qd3 O-O 10.dxc6 bxc6 11.Ne2 Qe7 12.Nd4 Bxd4 13.Qxd4 Nb6 14.Bd3 Re8 15.Qe5 Qf8
16.Qa5 Bg4 17.Kf1 Bxe2+ 18.Bxe2 Qe7 19.Bd3 Ng4 20.g3 Nc4 21.Qh5 Qe1+ 22.Kg2 Re2+
23.Kf3 Qxh1+ 24.Kxg4 Rxh2 25.Bd2 Rxh5  0-1

[Event "Moscow Alekhine op"]
[Site "Moscow"]
[Date "1996.??.??"]
[Round "4"]
[White "Shaposhnikov, Evgeny"]
[Black "Yanvarjov, Igor"]
[Result "1-0"]
[WhiteElo "2320"]
[BlackElo "2430"]

1.e4 d6 2.d4 Nf6 3.Nc3 Nbd7 4.Nf3 e5 5.Bc4 Be7 6.O-O O-O 7.Qe2 c6 8.Rd1 Qa5
9.Rb1 b5 10.b4 Qc7 11.Bb3 a5 12.bxa5 Qxa5 13.Bd2 Qc7 14.Rdc1 exd4 15.Nxd4 Nc5
16.f3 Re8 17.Qf2 Bd7 18.Be3 Qa5 19.Nce2 Nxb3 20.axb3 d5 21.e5 c5 22.b4 Qc7
23.exf6 cxd4 24.Bf4 Bd6 25.Qg3 g6 26.Bxd6 Qc4 27.Nf4 Ra2 28.Qf2 Bf5 29.Re1 Rea8
30.Qh4 d3 31.cxd3 Bxd3 32.Qh6 Qd4+ 33.Kh1 Qxf6 34.Be5 Qxe5 35.Rxe5 Bxb1 36.Nxd5  1-0

[Event "Moscow-ch"]
[Site "Moscow"]
[Date "1996.??.??"]
[Round "4"]
[White "Yakovich, Yuri"]
[Black "Gelman, Alexander"]
[Result "1-0"]
[WhiteElo "2530"]
[BlackElo "2400"]

1.d4 d6 2.e4 Nf6 3.Nc3 e5 4.Nf3 Nbd7 5.Bc4 Be7 6.O-O O-O 7.Re1 c6 8.a4 h6
9.a5 Re8 10.d5 cxd5 11.Nxd5 Nxd5 12.Qxd5 Rf8 13.Be3 Qc7 14.Nd2 Nf6 15.Qd3 Be6
16.h3 Rfd8 17.Bxe6 fxe6 18.c4 Bf8 19.Qb3 Qf7 20.Rad1 a6 21.Bb6 Rdc8 22.Qd3 Rc6
23.b3 Be7 24.Nb1 Bd8 25.Bxd8 Rxd8 26.Nc3 Qc7 27.Ra1 Nd7 28.Qe2 Nb8 29.Rec1 Qe7
30.Na4 Rc7 31.Qe3 Nc6 32.Nc3 Rf8 33.Ne2 Rd7 34.Rd1 Qd8 35.Qc3 Qc7 36.b4 Rc8
37.Qb3 Qd8 38.Rd3 Qe7 39.Rad1 Rdd8 40.R1d2 Kh8 41.Qc3 Qc7 42.Rd1 Ne7 43.Rc1 Qc6
44.Re3 Qe8 45.Qd2 Qc6 46.Rcc3 Qa4 47.Rc1 Nc6 48.Rb1 Ne7 49.Rc3 Rc7 50.Rcc1 Qc6
51.Qe3 Qe8 52.Qb6 Rc6 53.Qe3 Rdc8 54.Qd3 Qd7 55.Rc3 d5 56.cxd5 exd5 57.Rxc6 Rxc6
58.b5 Rd6 59.bxa6 Rxa6 60.Rb5 Rd6 61.Qb3 dxe4 62.Rxb7 Qe8 63.Ng3 Nc6 64.a6 Rd8
65.Qa4 e3 66.fxe3 Qg6 67.Kh2 Rd3 68.a7 Nxa7 69.Qxa7  1-0